Nepal - On a Map! - Statistics

General Stats
  • This quiz has been taken 366 times
  • The average score is 6 of 13
Answers on the Map
Answers color-coded by a green-red scale on the quiz's map according to % correct below.
 
Answer Stats
Hint Answers % Correct
Capital city - 2.50 m Kathmandu
96%
Tallest mountain - elevation: 8,848 m Mount Everest
93%
Major mountain chain Himalayas
78%
City - 403 k Pokhara
50%
Mountainous conservation area, not to be confused with the massif of the same name Annapurna
45%
Third tallest mountain - evevation: 8,586 m Kangchenjunga
36%
Jungle park, known for its diverse wildlife Chitwan
33%
City - 243 k Biratnagar
26%
Cultural region and Buddhist kingdom within Nepal, until 2008 Upper Mustang
24%
Flat plains to the south, home to ~50% of the population Terai
23%
City - 241 k Birgunj
20%
City - 281 k Bharatpur
18%
Distinct mountain, "The Matterhorn of Nepal" - elevation: 6,993 m Machhapuchhare
18%
No matching quizzes found
Score Distribution
Percent of People with Each Score
Percentile by Number Answered
Your Score History
You have not taken this quiz